Soundgarden Songs by Lyrics - Statistics

General Stats
  • This quiz has been taken 26 times
  • The average score is 9 of 22
Answer Stats
Hint Answer % Correct
In my eyes, Indisposed, in disguises no one knows. Black Hole Sun
95%
Whomsoever I've cured, I've sickened now, and whomsoever I've cradled, I've put you down. Fell On Black Days
80%
I'm looking California, and feeling Minnesota. Outshined
75%
Come on while I get off, come on while I get off. Spoonman
60%
I woke the same as any other day except a voice was inside my head. The Day I Tried To Live
55%
Nothing seems to kill me, no matter how hard I try. Blow Up The Outside World
45%
Stretch the bones over my skin. Stretch the skin over my hand. Let Me Drown
45%
I caught the moon today. Pick it up and throw it away, all right. Pretty Noose
45%
Too cold to start a fire, I'm burning diesel, burning dinosaur bones. Rusty Cage
45%
Virgin eyes and dirty looks on what I have and why I took, counting all the hands I shook. Slaves & Bulldozers
45%
Hard headed, fuck you all. Ty Cobb
35%
All of seventeen, eyes a purple green. Treated like a Queen, she was. Flower
30%
Got my arms around baby brother, put your hands away, you're gonna kill your mother. Hands All Over
30%
Your narrow escape has wiped the smile from your face. Hunted Down
30%
Throw yourself away. Give me little bits of more than I can take. Fresh Tendrils
25%
Only happy when your hurt. Only deadly in a swarm. Only healthy in the dirt. Only empty in your arms. Rhinosaur
25%
It seems he's near me as a I walk, one who loved what love denied. Room A Thousand Years Wide
25%
My mother says that it's alright. My mother says that's the only life. Kickstand
20%
I was crying from the eye, teeth and bleeding from my soul Mind Riot
20%
You can't go home boy, I swear you never can. You walk a million miles and get nowhere. Been Away Too Long
15%
Far beyond the road, between your house and home, there is a churning storm, of hailing, burning bones. Beyond the Wheel
15%
We're not elected, but we will speak. We're not the chosen, but we believe. Non-State Actor
10%
No matching quizzes found
Score Distribution
Percent of People with Each Score
Percentile by Number Answered
Your Score History
You have not taken this quiz